000 00572cam a22001697a 4500
008 180718b1949 xxu||||| |||| 00| 0 eng d
082 _aA6x42 H137/2
100 _aHalevy, Elie
245 _aHistory of the English people in the nineteen century-ii:the liberal awakening 1815-1830
_cby Elie Halevy
250 _a2nd
260 _aLondon
_bErnest
_c1949
300 _axv, 325p
650 _aGreat Britain -History -20th century.
650 _aGreat Britain -Economic conditions
650 _aGreat Britain -Civilization
650 _aGreat Britain -History -19th century
999 _c410858
_d410858